000 00663nam a2200289Ia 4500
005 20260324145330.0
008 008 260324s9999 xx 000 0 eng d
020 _a9781003332459
037 _aEBOOK
040 _aCRL
040 _beng
040 _cCRL
041 _2eng
041 _aeng
084 _qCRL
100 _aAnnie Phizacklea
_91217742
245 0 _aOne Way Ticket
245 0 _bMigration and Female Labour
260 _bTaylor and Francis
260 _c1983
365 _a
365 _b145
856 _uhttp://www.taylorfrancis.com/books/9781003332459
942 _cEBOOK
999 _c1830345
_d1830345